Quiz sulle Samoa - Statistics

Statistiche generali
  • Questo quiz è stato fatto 381 volte
  • Il punteggio medio è 12 su 20
Statistiche sulle risposte
Hint Risposta % Corretto
Lingue ufficiali Inglese
99%
Paese che controlla ancora la parte orientale delle isole Samoa Stati Uniti
91%
Regione oceanica di cui fa parte Samoa {Poli}nesia
89%
Samoano
75%
Paese che ha controllato le Samoa dal 1900-1914 Germania
73%
Sport più popolare Rugby
73%
Capitale Apia
71%
Fino al 2009, le Samoa lo facevano a destra, ma ora lo fanno a sinistra Guida
70%
Il 22% della popolazione di Samoa morì a causa di questa pandemia del 1918-1919, rendendola probabilmente il paese più colpito al mondo Influenza spagnola
69%
Paese da cui Samoa ha ottenuto l'indipendenza nel 1962 Nuova Zelanda
69%
Tradizionalmente, molti samoani hanno questi sul loro corpo che sono conosciuti come pe'a (per gli uomini) o mula (per le donne) Tatuaggi
66%
Il 98% dei samoani pratica questa religione Cristianesimo
65%
Costellazione presente sulla bandiera Croce del sud
57%
Nome di Samoa prima del 1997, il che spiega perché il codice del paese è "ws" {Western} Samoa
57%
Scrittore scozzese de "L'isola del tesoro" che ha vissuto a Samoa Robert Louis Stevenson
46%
La copra, un raccolto di base, è la polpa seccata di questa pianta tropicale Cocco
40%
Il 30 dicembre 2011 non è mai esistito a Samoa poiché il paese è passato al lato opposto di questa linea immaginaria 180° meridiano
36%
Le case tradizionali samoane non ne hanno Pareti
29%
Nome di una delle due isole principali di Samoa Savai'i / Upolu
26%
Ortaggio a radice che era la principale esportazione di Samoa prima di una piaga del 1994 Taro
19%
Nessun quiz corrispondente trovato
Distribuzione punteggi
Percentuale di utenti per punteggio
Percentile per numero di risposta
I tuoi punteggi nel tempo
Non hai fatto questo quiz